<?xml version="1.0" encoding="UTF-8"?>
<collection xmlns="http://www.loc.gov/MARC21/slim">
 <record>
  <leader>01501nam a22003618a 4500</leader>
  <controlfield tag="001">000008198</controlfield>
  <controlfield tag="003">4382</controlfield>
  <controlfield tag="005">20111014101020.0</controlfield>
  <controlfield tag="008">111014s1987              b   000 0    od</controlfield>
  <datafield tag="020" ind1=" " ind2=" ">
   <subfield code="c">3500đ</subfield>
   <subfield code="d">7.200b</subfield>
  </datafield>
  <datafield tag="041" ind1="0" ind2=" ">
   <subfield code="a">dịch liên xô</subfield>
  </datafield>
  <datafield tag="082" ind1=" " ind2=" ">
   <subfield code="a">335.43</subfield>
   <subfield code="b">Phư</subfield>
  </datafield>
  <datafield tag="084" ind1=" " ind2=" ">
   <subfield code="a">aa26031</subfield>
   <subfield code="b">PH561P</subfield>
  </datafield>
  <datafield tag="245" ind1="1" ind2="0">
   <subfield code="a">Phương pháp nghiên cứu các tác phẩm của Lênin</subfield>
   <subfield code="n">Tập 1</subfield>
  </datafield>
  <datafield tag="260" ind1=" " ind2=" ">
   <subfield code="a">H.</subfield>
   <subfield code="b">Sách giáo khoa Mác-Lênin</subfield>
   <subfield code="c">1987</subfield>
  </datafield>
  <datafield tag="300" ind1=" " ind2=" ">
   <subfield code="a">143tr</subfield>
   <subfield code="c">19cm</subfield>
  </datafield>
  <datafield tag="505" ind1=" " ind2=" ">
   <subfield code="a">Tập 1</subfield>
  </datafield>
  <datafield tag="520" ind1=" " ind2=" ">
   <subfield code="a">Những chỉ dẫn về phương pháp nghiên cứu 7 tác phẩm quan trọng đầu tiên của V. I. Lênin: những người &quot;bạn dân&quot; là thế nào và họ đấu tranh chống những người dân chủ-xã hội ra sao. Nhiệm vụ của những người dân chủ xã hội Nga. Làm gì?</subfield>
  </datafield>
  <datafield tag="653" ind1=" " ind2=" ">
   <subfield code="a">V. I. Lênin</subfield>
  </datafield>
  <datafield tag="653" ind1=" " ind2=" ">
   <subfield code="a">tác phẩm</subfield>
  </datafield>
  <datafield tag="653" ind1=" " ind2=" ">
   <subfield code="a">chủ nghĩa Mác-Lênin</subfield>
  </datafield>
  <datafield tag="773" ind1=" " ind2=" ">
   <subfield code="t">Phương pháp nghiên cứu các tác phẩm của Lênin</subfield>
   <subfield code="w">4383</subfield>
  </datafield>
  <datafield tag="910" ind1=" " ind2=" ">
   <subfield code="a">Nguyễn Thị Kim Oanh</subfield>
   <subfield code="d">14/10/2011</subfield>
  </datafield>
  <datafield tag="OWN" ind1=" " ind2=" ">
   <subfield code="a">LSP</subfield>
  </datafield>
  <datafield tag="AVA" ind1=" " ind2=" ">
   <subfield code="a">UDN50</subfield>
   <subfield code="b">LSP</subfield>
   <subfield code="d">335.43 Phư</subfield>
   <subfield code="e">unavailable</subfield>
   <subfield code="t">Error 5002 Not defined in file expand_doc_bib_avail.</subfield>
   <subfield code="f">1</subfield>
   <subfield code="g">1</subfield>
   <subfield code="h">N</subfield>
   <subfield code="i">0</subfield>
   <subfield code="k">1</subfield>
  </datafield>
  <datafield tag="999" ind1=" " ind2=" ">
   <subfield code="a">From the UDN01</subfield>
  </datafield>
  <datafield tag="AVA" ind1=" " ind2=" ">
   <subfield code="a">UDN50</subfield>
   <subfield code="b">LSP</subfield>
   <subfield code="d">335.43 Phư</subfield>
   <subfield code="e">unavailable</subfield>
   <subfield code="t">Error 5002 Not defined in file expand_doc_bib_avail.</subfield>
   <subfield code="f">1</subfield>
   <subfield code="g">1</subfield>
   <subfield code="h">N</subfield>
   <subfield code="i">0</subfield>
   <subfield code="k">1</subfield>
  </datafield>
  <datafield tag="TYP" ind1=" " ind2=" ">
   <subfield code="a">Monograph</subfield>
  </datafield>
  <datafield tag="TYP" ind1=" " ind2=" ">
   <subfield code="a">Printed language</subfield>
  </datafield>
  <datafield tag="980" ind1=" " ind2=" ">
   <subfield code="a">Mạng thư viện Đại học Đà Nẵng</subfield>
  </datafield>
 </record>
</collection>
